| 000 | 01447nam a2200349 i 4500 | ||
|---|---|---|---|
| 001 | 11273 | ||
| 003 | KOSZ 005 | ||
| 005 | 20191107080612.0 | ||
| 008 | 080914s1955 pl a f f 000 0 pol | ||
| 015 | _aPB 1955/1481 | ||
| 040 |
_aWA N _cWA N _dKOSZ 005/RW _dKOSZ 005/HR |
||
| 080 | _a621.7 | ||
| 080 | _a674 | ||
| 080 | _a(07) | ||
| 100 | 1 |
_aSiemiński, Ryszard _eAutor |
|
| 245 | 1 | 0 |
_aObrabiarki do drewna. _nCz. 1 / _cRyszard Siemiński. |
| 260 |
_aWarszawa : _bWydawnictwo Przemysłu Lekkiego i Spożywczego, _c1955. |
||
| 300 |
_a187, [1] s. : _bil. ; _c24 cm. |
||
| 380 | _aKsiążki. | ||
| 504 | _aBibliogr. s. [185]. | ||
| 521 | 8 | _aZatwierdz. przez Centralny Urząd Szkolenia Zawodowego dla kl. 2 technikum drzewnego wydział stolarstwa. - Książka może być pomocą w pracy zawodowej dla mistrzów i techników zatrudnionych w przemyśle drzewnym oraz może być wykorzystana jako pomoc naukowa przy szkoleniu nowych kadr na kursach wewnątrzzakładowych. | |
| 650 | 4 | _aObrabiarka | |
| 658 | _aInżynieria i technika | ||
| 650 | 4 | _aTechnologia | |
| 655 | 4 | _aPodręczniki dla szkół zawodowych | |
| 650 | 4 | _aMaszyny | |
| 650 | 4 | _aNarzędzia | |
| 650 | 4 | _aDrewno | |
| 710 | 2 |
_aWydawnictwo Przemysłu Lekkiego i Spożywczego _4pbl. |
|
| 856 |
_uhttp://koha.tu.koszalin.pl/cgi-bin/koha/opac-detail.pl?biblionumber=11273 _yKatalog online BPK |
||
| 942 |
_2UKD _cKS |
||
| 999 |
_c11273 _d11273 |
||